10 Biggest Cities in Belarus - Statistics

General Stats
  • This quiz has been taken 614 times
  • The average score is 5 of 10
Answer Stats
Population City % Correct
1 740 000 Minsk
100%
300 000 Brest
80%
480 000 Gomel
74%
340 000 Vitebsk
61%
370 000 Mogilev
53%
130 000 Pinsk
40%
320 000 Hrodna
37%
170 000 Baranovichi
27%
220 000 Babruysk
25%
125 000 Orsha
25%
No matching quizzes found
Score Distribution
Percent of People with Each Score
Percentile by Number Answered
Your Score History
You have not taken this quiz